000
00292nam a2200121 a 4500
005
20141022142007.0
008
081003s19uu xx 00 eng d
050
_a
VCD
_b
T76 2005
245
_a
Truth or scare: psychic science.
650
_a
VCD.
650
_a
Psychic science.
942
_c
AVM
999
_c
276533
_d
276533